[Event "Madrid ch Veteranos 2012-2013"]
[Site "Madrid ESP"]
[Date "2012.11.05"]
[Round "1.26"]
[White "Correas Aguilera, Eufemio"]
[Black "Martin Rodriguez, Jose Luis"]
[Result "1/2-1/2"]
[WhiteElo "1769"]
[BlackElo "1398"]
[PlyCount "82"]
[EventDate "2012.11.05"]
[EventType "swiss"]
[EventRounds "9"]
[EventCountry "ESP"]
[Source "lmi"]
[SourceDate "2012.11.05"]

1. Nf3 Nf6 2. c4 e6 3. g3 d5 4. Bg2 dxc4 5. Qa4+ Qd7 6. Qxc4 Qc6 7. b3 Qxc4 8.
bxc4 Bb4 9. O-O O-O 10. d3 Nbd7 11. Bf4 c6 12. Nbd2 Bxd2 13. Nxd2 e5 14. Bg5 h6
15. Bxf6 Nxf6 16. Rab1 Rd8 17. Rb2 Nd7 18. Ne4 f5 19. Nd6 Nc5 20. Nxc8 Raxc8
21. Rd1 Rc7 22. f4 exf4 23. gxf4 Rd4 24. Rf1 Ne6 25. e4 Rxd3 26. exf5 Nc5 27.
Rbb1 Rcd7 28. Bf3 Kf7 29. Rb2 R3d4 30. Be2 Rd2 31. Rxd2 Rxd2 32. Rf2 Kf6 33.
Bg4 Rxf2 34. Kxf2 Nd3+ 35. Ke3 Nb4 36. a4 c5 37. Ke4 b6 38. Bh5 Nc6 39. Bg4 Na5
40. Kd5 Ke7 41. Bh3 Kf6 1/2-1/2

[Event "Madrid ch Veteranos 2012-2013"]
[Site "Madrid ESP"]
[Date "2012.11.05"]
[Round "1.27"]
[White "Abad Martin-Camunas, Luis"]
[Black "Beekhof Harmsen, Willen"]
[Result "0-1"]
[WhiteElo "1370"]
[BlackElo "1762"]
[PlyCount "62"]
[EventDate "2012.11.05"]
[EventType "swiss"]
[EventRounds "9"]
[EventCountry "ESP"]
[Source "lmi"]
[SourceDate "2012.11.05"]

1. c4 f5 2. d4 Nf6 3. Nc3 b6 4. Nf3 Bb7 5. g3 g6 6. Bg2 Bg7 7. O-O O-O 8. Bg5
h6 9. Be3 d6 10. Qc1 Kh7 11. Nh4 Bxg2 12. Kxg2 Nbd7 13. h3 c5 14. Kh2 e6 15.
Qc2 a6 16. Rg1 Ng4+ 17. hxg4 cxd4 18. Bd2 dxc3 19. Bxc3 Ne5 20. gxf5 Ng4+ 21.
Kg2 exf5 22. Rad1 Qe7 23. Bb4 Qb7+ 24. Nf3 Rfe8 25. Rxd6 a5 26. Ba3 Rac8 27. b3
Be5 28. Rd5 Qxd5 29. Rd1 Qc6 30. Kg1 b5 31. Rd5 Qxd5 0-1

[Event "Madrid ch Veteranos 2012-2013"]
[Site "Madrid ESP"]
[Date "2012.11.06"]
[Round "2.1"]
[White "Pastor Alonso De Prado, Albert"]
[Black "Martin-Consuegra Barrilero, Ja"]
[Result "1-0"]
[WhiteElo "2143"]
[BlackElo "1855"]
[PlyCount "85"]
[EventDate "2012.11.05"]
[EventType "swiss"]
[EventRounds "9"]
[EventCountry "ESP"]
[Source "lmi"]
[SourceDate "2012.11.05"]

1. e4 d6 2. d4 Nf6 3. Nc3 Nbd7 4. Nf3 e5 5. Bc4 Be7 6. O-O O-O 7. Re1 c6 8. a4
a5 9. b3 exd4 10. Qxd4 Nb6 11. Bf1 d5 12. Bb2 dxe4 13. Nxe4 Qxd4 14. Bxd4 Nbd7
15. Rad1 Nxe4 16. Rxe4 Bf6 17. Be3 Bd8 18. Red4 Bf6 19. Rxd7 Bxd7 20. Rxd7 Rfd8
21. Rxb7 Rdb8 22. Rc7 Rc8 23. Rxc8+ Rxc8 24. Bd2 Ra8 25. Bc4 h6 26. Kf1 Kf8 27.
Be3 Rd8 28. Bb6 Ra8 29. Ke2 Re8+ 30. Kd3 Bd8 31. Bd4 Bc7 32. Bc5+ Kg8 33. Nd4
Re5 34. Ba3 c5 35. Nf3 Rf5 36. Ke4 g6 37. Bc1 h5 38. h3 Kf8 39. Be3 Bb6 40. Ne5
Ke8 41. g4 hxg4 42. hxg4 Rf6 43. Bb5+ 1-0

[Event "Madrid ch Veteranos 2012-2013"]
[Site "Madrid ESP"]
[Date "2012.11.06"]
[Round "2.2"]
[White "Hernandez Gutierrez, Jose"]
[Black "Gonzalez Mateos, Rafael"]
[Result "0-1"]
[WhiteElo "1854"]
[BlackElo "2128"]
[PlyCount "70"]
[EventDate "2012.11.05"]
[EventType "swiss"]
[EventRounds "9"]
[EventCountry "ESP"]
[Source "lmi"]
[SourceDate "2012.11.05"]

1. e4 e6 2. d4 d5 3. Nd2 a6 4. Bd3 Nf6 5. Qe2 c5 6. dxc5 Bxc5 7. e5 Nfd7 8. Nb3
Bb6 9. Nf3 Nc6 10. O-O h6 11. c3 Bc7 12. Bf4 g5 13. Bg3 h5 14. h4 g4 15. Ng5
Ndxe5 16. Bc2 Qe7 17. Nd4 Nxd4 18. cxd4 Nc6 19. Bxc7 Qxc7 20. Qe3 Qe7 21. Rfe1
Bd7 22. a3 O-O-O 23. b4 Rde8 24. Rac1 f6 25. Nxe6 Qxe6 26. Qc3 Qd6 27. Rxe8+
Rxe8 28. Bg6 Re2 29. Bd3 Re7 30. b5 axb5 31. Bxb5 Kb8 32. Rb1 Nxd4 33. Qxd4
Bxb5 34. g3 Bc6 35. Qb6 d4 0-1

[Event "Madrid ch Veteranos 2012-2013"]
[Site "Madrid ESP"]
[Date "2012.11.06"]
[Round "2.3"]
[White "Estrada Martinez, Cesar"]
[Black "Perez Cameselle, Francisco"]
[Result "1-0"]
[WhiteElo "2085"]
[BlackElo "1853"]
[PlyCount "93"]
[EventDate "2012.11.05"]
[EventType "swiss"]
[EventRounds "9"]
[EventCountry "ESP"]
[Source "lmi"]
[SourceDate "2012.11.05"]

1. Nf3 f5 2. c4 Nf6 3. Nc3 e6 4. d4 b6 5. g3 Bb7 6. Bg2 Be7 7. O-O O-O 8. b3
Ne4 9. Bb2 Bf6 10. Rc1 Qe7 11. Qd3 Nxc3 12. Bxc3 Be4 13. Qd2 c5 14. Rfd1 d6 15.
dxc5 dxc5 16. Ne5 Bxg2 17. Kxg2 Rd8 18. Qe3 Qb7+ 19. Kg1 Nc6 20. Nxc6 Qxc6 21.
Bxf6 gxf6 22. Rd3 e5 23. Rcd1 Rd4 24. Rxd4 cxd4 25. Qd3 Qe4 26. f3 Qxd3 27.
exd3 Kf7 28. Kf2 Re8 29. Re1 Re7 30. g4 fxg4 31. fxg4 Ke6 32. Kf3 Rg7 33. Rg1
h5 34. h3 hxg4+ 35. hxg4 Rg5 36. Rh1 Rg7 37. Rh8 Kd6 38. b4 Ke6 39. a4 Kd6 40.
Rf8 Ke6 41. b5 Ke7 42. Rc8 Kd7 43. Rc6 Rf7 44. Ke4 Rg7 45. Rxf6 Rxg4+ 46. Kxe5
Ke7 47. Rh6 1-0

[Event "Madrid ch Veteranos 2012-2013"]
[Site "Madrid ESP"]
[Date "2012.11.06"]
[Round "2.4"]
[White "Martinez Rubio, Felipe"]
[Black "Cabanas Bravo, Juan Andres"]
[Result "0-1"]
[WhiteElo "1815"]
[BlackElo "2077"]
[PlyCount "124"]
[EventDate "2012.11.05"]
[EventType "swiss"]
[EventRounds "9"]
[EventCountry "ESP"]
[Source "lmi"]
[SourceDate "2012.11.05"]

1. Nf3 Nf6 2. c4 g6 3. Nc3 d5 4. d4 Bg7 5. cxd5 Nxd5 6. e4 Nxc3 7. bxc3 c5 8.
Bb5+ Bd7 9. Bxd7+ Qxd7 10. Be3 O-O 11. O-O cxd4 12. cxd4 Nc6 13. Rb1 Rfc8 14.
Qa4 b6 15. d5 Ne5 16. Qxd7 Nxd7 17. Rfc1 Nf6 18. Nd2 Ng4 19. Bf4 Bd4 20. Bg3
Nf6 21. Nb3 Bc3 22. f3 b5 23. Kf1 Rc4 24. Be1 Rac8 25. Bxc3 Rxc3 26. Rxc3 Rxc3
27. Rc1 Rxc1+ 28. Nxc1 Kf8 29. Ke2 Ke8 30. Kd3 Kd8 31. Kd4 Nd7 32. Nd3 Kc7 33.
Nb4 e5+ 34. dxe6 fxe6 35. f4 Kd6 36. g4 e5+ 37. Ke3 exf4+ 38. Kxf4 Ne5 39. h4
a5 40. Nd5 b4 41. Nb6 h6 42. g5 h5 43. Nc8+ Ke6 44. Nb6 Nd3+ 45. Ke3 Nc1 46.
Nc4 a4 47. a3 bxa3 48. Nxa3 Nb3 49. Kf4 Na5 50. Nb5 Nc4 51. Nd4+ Kd6 52. Nb5+
Kc5 53. Nc3 a3 54. e5 Kd4 55. Nb5+ Kd5 56. Nc3+ Ke6 57. Ke4 Nxe5 58. Na2 Nc6
59. Kf4 Kd6 60. Ke4 Kc5 61. Ke3 Nd4 62. Ke4 Nf5 0-1

[Event "Madrid ch Veteranos 2012-2013"]
[Site "Madrid ESP"]
[Date "2012.11.06"]
[Round "2.5"]
[White "Gil Sierra, Jacinto"]
[Black "Lopez Peral, Enrique"]
[Result "1-0"]
[WhiteElo "2053"]
[BlackElo "1832"]
[PlyCount "69"]
[EventDate "2012.11.05"]
[EventType "swiss"]
[EventRounds "9"]
[EventCountry "ESP"]
[Source "lmi"]
[SourceDate "2012.11.05"]

1. e4 e5 2. Nf3 Nf6 3. Bc4 Nxe4 4. Nc3 Nxf2 5. Kxf2 Bc5+ 6. Kf1 Nc6 7. d3 h6 8.
Qe1 d6 9. Be3 Bxe3 10. Qxe3 Be6 11. Bxe6 fxe6 12. g3 Qe7 13. Kg2 O-O-O 14. a3
g5 15. Rhf1 Rdg8 16. b4 g4 17. Nh4 h5 18. Ne2 Qd7 19. Rf2 Ne7 20. Kg1 Qc6 21.
c4 Nf5 22. Nxf5 exf5 23. Rxf5 h4 24. b5 Qd7 25. Raf1 Kb8 26. gxh4 b6 27. Ng3
Qe7 28. h5 Re8 29. Qg5 d5 30. Qxe7 Rxe7 31. Rf8+ Rxf8 32. Rxf8+ Kb7 33. cxd5
Rd7 34. h6 Rh7 35. Nf5 1-0

[Event "Madrid ch Veteranos 2012-2013"]
[Site "Madrid ESP"]
[Date "2012.11.06"]
[Round "2.6"]
[White "Fernandez Garcia, Ignacio"]
[Black "Lorite Cruz, Francisco"]
[Result "0-1"]
[WhiteElo "1794"]
[BlackElo "2046"]
[PlyCount "86"]
[EventDate "2012.11.05"]
[EventType "swiss"]
[EventRounds "9"]
[EventCountry "ESP"]
[Source "lmi"]
[SourceDate "2012.11.05"]

1. e4 c5 2. Nf3 d6 3. Nc3 Nf6 4. d3 Nc6 5. Ne2 e6 6. c3 Be7 7. Ng3 O-O 8. Be2
Rb8 9. Bg5 b5 10. O-O Qc7 11. d4 Rd8 12. Bd3 g6 13. Qe2 c4 14. Bc2 e5 15. d5
Na5 16. h3 Nb7 17. Nh2 Ne8 18. Qd2 Bxg5 19. Qxg5 f6 20. Qe3 Nc5 21. b4 Na4 22.
Kh1 Ng7 23. f4 Qe7 24. fxe5 Qxe5 25. Bxa4 bxa4 26. a3 Rf8 27. Rf3 Rb7 28. Raf1
Re7 29. Qd4 Qxd4 30. cxd4 f5 31. Kg1 Rfe8 32. Re3 g5 33. Rc3 f4 34. Nf5 Nxf5
35. exf5 Bxf5 36. Ng4 Kg7 37. Nf2 Bd7 38. Rfc1 Bb5 39. Kh2 Re2 40. Nd1 h5 41.
R1c2 Re1 42. Nb2 g4 43. hxg4 hxg4 0-1

[Event "Madrid ch Veteranos 2012-2013"]
[Site "Madrid ESP"]
[Date "2012.11.06"]
[Round "2.8"]
[White "Garcia Lopez, Pedro"]
[Black "Lopez Heras, Arturo"]
[Result "0-1"]
[WhiteElo "1779"]
[BlackElo "1952"]
[PlyCount "62"]
[EventDate "2012.11.05"]
[EventType "swiss"]
[EventRounds "9"]
[EventCountry "ESP"]
[Source "lmi"]
[SourceDate "2012.11.05"]

1. d4 d5 2. Nf3 e6 3. e3 Nf6 4. c4 Be7 5. Nc3 O-O 6. cxd5 exd5 7. h3 Nc6 8. a3
Bf5 9. Nh4 Be6 10. Nf3 Ne4 11. Bd3 f5 12. Bb5 Qd6 13. Bxc6 bxc6 14. O-O Bf6 15.
Qc2 Rfb8 16. Nd2 Rb7 17. Na4 Rab8 18. Nxe4 fxe4 19. Nc5 Rb5 20. Rb1 Bf7 21. Bd2
Rc8 22. Bb4 Bh4 23. Qd2 Bh5 24. Nxe4 Qg6 25. Nc3 Bf3 26. g4 h5 27. Ne2 hxg4 28.
Nf4 Qg5 29. hxg4 Qxg4+ 30. Kh2 Bg5 31. Be7 Bxf4+ 0-1

[Event "Madrid ch Veteranos 2012-2013"]
[Site "Madrid ESP"]
[Date "2012.11.06"]
[Round "2.9"]
[White "Camarero Izquierdo, Juan C"]
[Black "Alvarez Escudero, Manuel"]
[Result "1-0"]
[WhiteElo "1942"]
[BlackElo "1803"]
[PlyCount "95"]
[EventDate "2012.11.05"]
[EventType "swiss"]
[EventRounds "9"]
[EventCountry "ESP"]
[Source "lmi"]
[SourceDate "2012.11.05"]

1. d4 d5 2. Nc3 e6 3. e4 dxe4 4. Nxe4 b6 5. Nf3 Bb7 6. Qd3 Nf6 7. Ng3 Bb4+ 8.
c3 Be7 9. Bg5 h6 10. Bxf6 Bxf6 11. O-O-O Qd5 12. Kb1 O-O 13. c4 Qd6 14. Nh5 Be7
15. h4 c5 16. d5 exd5 17. cxd5 Nd7 18. Rh3 Ne5 19. Nxe5 Qxe5 20. g4 Rad8 21.
Bg2 Rfe8 22. f4 Qd6 23. g5 g6 24. Ng3 Bc8 25. f5 Qe5 26. fxg6 Bxh3 27. gxf7+
Kxf7 28. Bxh3 hxg5 29. Qh7+ Qg7 30. Qd3 Bf6 31. Be6+ Kf8 32. Qf5 Qh6 33. Rf1
Ke7 34. Ne4 Rf8 35. d6+ Rxd6 36. Nxd6 Kxd6 37. Qd5+ Kc7 38. Qd7+ Kb8 39. Qd6+
Kb7 40. Bd5+ Ka6 41. Qc6 Qg6+ 42. Be4 Qe8 43. Qb7+ Kb5 44. Bd3+ Kb4 45. a3+ Kb3
46. Qd5+ Ka4 47. Qc4+ Ka5 48. Qa6# 1-0

[Event "Madrid ch Veteranos 2012-2013"]
[Site "Madrid ESP"]
[Date "2012.11.06"]
[Round "2.10"]
[White "Beekhof Harmsen, Willen"]
[Black "Garcia Esteban, Ignacio"]
[Result "0-1"]
[WhiteElo "1762"]
[BlackElo "1941"]
[PlyCount "78"]
[EventDate "2012.11.05"]
[EventType "swiss"]
[EventRounds "9"]
[EventCountry "ESP"]
[Source "lmi"]
[SourceDate "2012.11.05"]

1. d4 Nf6 2. c4 e5 3. d5 Bc5 4. Nc3 d6 5. Na4 Bb4+ 6. Bd2 Bxd2+ 7. Qxd2 O-O 8.
f3 e4 9. Qe3 Re8 10. g4 exf3 11. Qxf3 Bxg4 12. Qf4 Re4 13. Qd2 Qd7 14. Nc3 Rxc4
15. h3 Bh5 16. b3 Rb4 17. O-O-O a5 18. Nf3 Na6 19. Nd4 Nc5 20. Rg1 Bg6 21. e3
Nfe4 22. Nxe4 Nxe4 23. Qg2 Qe7 24. a3 Rb6 25. Bd3 Nc5 26. Nf5 Nxd3+ 27. Rxd3
Qe5 28. e4 Re8 29. Qg5 Bxf5 30. exf5 Qa1+ 31. Kd2 Qb2+ 32. Kd1 Rxb3 33. Qxg7+
Qxg7 34. Rxg7+ Kxg7 35. Rxb3 b6 36. Rc3 Re7 37. Kd2 Kf6 38. Rg3 Re5 39. Rc3
Rxd5+ 0-1

[Event "Madrid ch Veteranos 2012-2013"]
[Site "Madrid ESP"]
[Date "2012.11.06"]
[Round "2.11"]
[White "Moragrega Herrero, Juan Jose"]
[Black "Leniz Martinez, Francisco"]
[Result "1-0"]
[WhiteElo "1922"]
[BlackElo "1783"]
[PlyCount "67"]
[EventDate "2012.11.05"]
[EventType "swiss"]
[EventRounds "9"]
[EventCountry "ESP"]
[Source "lmi"]
[SourceDate "2012.11.05"]

1. c4 e5 2. Nc3 Nc6 3. g3 b6 4. Bg2 Bb7 5. d3 Bb4 6. Bd2 Nf6 7. a3 Bxc3 8. Bxc3
Rb8 9. e4 O-O 10. Ne2 Re8 11. O-O a5 12. b4 d6 13. f4 Qe7 14. b5 Nd8 15. f5 Ba8
16. h3 Nd7 17. Bd2 f6 18. Be3 Nc5 19. g4 Nf7 20. a4 Rf8 21. Ng3 Kh8 22. Ra2 Rg8
23. h4 Rbf8 24. Raf2 Nd7 25. Qd2 Bb7 26. Kh2 Ba8 27. g5 fxg5 28. hxg5 Qe8 29.
Bh3 Nc5 30. g6 hxg6 31. fxg6 Nd8 32. Bxc5 Rxf2+ 33. Rxf2 bxc5 34. Qg5 1-0

[Event "Madrid ch Veteranos 2012-2013"]
[Site "Madrid ESP"]
[Date "2012.11.06"]
[Round "2.12"]
[White "Rodriguez Lopez-Canizares, Fco"]
[Black "Minguela Munoz, Bienvenido"]
[Result "0-1"]
[WhiteElo "1647"]
[BlackElo "1883"]
[PlyCount "48"]
[EventDate "2012.11.05"]
[EventType "swiss"]
[EventRounds "9"]
[EventCountry "ESP"]
[Source "lmi"]
[SourceDate "2012.11.05"]

1. e4 c5 2. Nc3 Nc6 3. f4 e6 4. Nf3 d5 5. Bb5 a6 6. exd5 exd5 7. Qe2+ Be7 8.
Bxc6+ bxc6 9. d4 Nf6 10. Ne5 Qd6 11. dxc5 Qxc5 12. Nd3 Qd6 13. O-O O-O 14. f5
Re8 15. Bf4 Qd8 16. Be5 a5 17. Rae1 Ba6 18. Kh1 Bd6 19. Rf3 Rxe5 20. Qd2 Rxe1+
21. Nxe1 Rb8 22. b3 Bb4 23. Qd4 c5 24. Qe5 Qe8 0-1

[Event "Madrid ch Veteranos 2012-2013"]
[Site "Madrid ESP"]
[Date "2012.11.06"]
[Round "2.13"]
[White "De Juan Rivas, Antonio"]
[Black "Buergo Villanueva, Fernando"]
[Result "0-1"]
[WhiteElo "1857"]
[BlackElo "1282"]
[PlyCount "76"]
[EventDate "2012.11.05"]
[EventType "swiss"]
[EventRounds "9"]
[EventCountry "ESP"]
[Source "lmi"]
[SourceDate "2012.11.05"]

1. e4 e5 2. Nf3 Nc6 3. d4 d5 4. exd5 Qxd5 5. Nc3 Bb4 6. a3 Bxc3+ 7. bxc3 Bg4 8.
h3 Bxf3 9. gxf3 exd4 10. c4 Qe5+ 11. Be2 d3 12. Qxd3 Qxa1 13. O-O Rd8 14. Qb3
Qf6 15. Bd3 Nd4 16. Re1+ Ne7 17. Qa4+ c6 18. Be4 Nxf3+ 19. Bxf3 Qxf3 20. Qb4
Qf6 21. Bb2 Qg5+ 22. Kf1 Rd7 23. Be5 O-O 24. Qc3 f6 25. Bd4 Nf5 26. Bxa7 Qh5
27. Bc5 Re8 28. Rxe8+ Qxe8 29. Qf3 Qe5 30. Bb4 Qa1+ 31. Be1 g6 32. Qe2 Re7 33.
Qd2 Kf7 34. Qb4 Nd4 35. c5 Kg7 36. Qc3 Qxc3 37. Bxc3 Nxc2 38. a4 Re4 0-1

[Event "Madrid ch Veteranos 2012-2013"]
[Site "Madrid ESP"]
[Date "2012.11.06"]
[Round "2.14"]
[White "Garcia Martin, Juan Manuel"]
[Black "Correas Aguilera, Eufemio"]
[Result "1/2-1/2"]
[WhiteElo "1874"]
[BlackElo "1769"]
[PlyCount "104"]
[EventDate "2012.11.05"]
[EventType "swiss"]
[EventRounds "9"]
[EventCountry "ESP"]
[Source "lmi"]
[SourceDate "2012.11.05"]

1. d4 d5 2. Nf3 c5 3. e3 e6 4. c3 Nf6 5. Nbd2 Bd6 6. Qc2 cxd4 7. exd4 O-O 8.
Bd3 Nc6 9. O-O Re8 10. a3 Qc7 11. c4 dxc4 12. Nxc4 e5 13. dxe5 Nxe5 14. Nfxe5
Bxe5 15. Nxe5 Qxc2 16. Bxc2 Rxe5 17. Be3 Bd7 18. Bd4 Re7 19. Bd3 Ree8 20. Bxf6
gxf6 21. Rac1 Rac8 22. f3 Rxc1 23. Rxc1 Bc6 24. Rd1 h6 25. Kf2 Kf8 26. Bc4 Re7
27. Kg3 Rc7 28. Bb3 Re7 29. Rd2 Rd7 30. Rc2 Rd4 31. Kf2 Ke7 32. Ke3 Rd6 33. Rc4
Bb5 34. Rd4 Bf1 35. g3 Rb6 36. Rb4 Rxb4 37. axb4 Bh3 38. Kd4 Be6 39. Bc2 Kd6
40. f4 Bg4 41. h4 Be2 42. Bb3 Ke7 43. Kc5 Bg4 44. Bd5 Bc8 45. Bg2 f5 46. Bd5 f6
47. Bc4 Be6 48. Be2 Kd7 49. Bf3 Kc7 50. Bd5 Bxd5 51. Kxd5 Kd7 52. h5 Ke7
1/2-1/2

[Event "Madrid ch Veteranos 2012-2013"]
[Site "Madrid ESP"]
[Date "2012.11.06"]
[Round "2.15"]
[White "Martin Rodriguez, Jose Luis"]
[Black "Castro Uceda, Jose Antonio"]
[Result "0-1"]
[WhiteElo "1398"]
[BlackElo "1647"]
[PlyCount "118"]
[EventDate "2012.11.05"]
[EventType "swiss"]
[EventRounds "9"]
[EventCountry "ESP"]
[Source "lmi"]
[SourceDate "2012.11.05"]

1. e4 c5 2. Nf3 d6 3. d4 cxd4 4. Nxd4 Nf6 5. Nc3 a6 6. Bg5 e6 7. f4 Be7 8. Qf3
Nbd7 9. O-O-O O-O 10. g4 e5 11. Nf5 exf4 12. Nxe7+ Qxe7 13. Qxf4 Qe5 14. Rxd6
Qxf4+ 15. Bxf4 Nc5 16. e5 Nxg4 17. Bc4 Bf5 18. Rhd1 Rac8 19. Be2 Nf2 20. R1d2
Nce4 21. Nxe4 Nxe4 22. Bd3 Nxd6 23. exd6 Bxd3 24. Rxd3 Rfd8 25. Be3 Rc6 26. d7
Kf8 27. Bg5 f6 28. Bf4 Ke7 29. Re3+ Kxd7 30. Rd3+ Kc8 31. Re3 Rc4 32. Bg3 Rcd4
33. b3 Kd7 34. c3 Rd5 35. c4 Rf5 36. Rd3+ Kc8 37. Re3 Rf1+ 38. Kc2 Rg1 39. c5
Rg2+ 40. Kc3 Rxa2 41. Re7 Rdd2 42. Rxg7 a5 43. Rc7+ Kd8 44. Kc4 a4 45. Rxb7
axb3 46. Rxb3 Rac2+ 47. Kb5 Rb2 48. Rxb2 Rxb2+ 49. Kc6 Kc8 50. Bd6 h5 51. Bf4
f5 52. Bg3 Ra2 53. Kb6 Rb2+ 54. Kc6 Rb4 55. Kd6 f4 56. Be1 Re4 57. Bh4 f3 58.
Bg3 Re2 59. c6 f2 0-1

[Event "Madrid ch Veteranos 2012-2013"]
[Site "Madrid ESP"]
[Date "2012.11.06"]
[Round "2.16"]
[White "Martinez Martinez, Antonio"]
[Black "Ortega Morales, Pedro"]
[Result "0-1"]
[WhiteElo "1659"]
[BlackElo "1862"]
[PlyCount "146"]
[EventDate "2012.11.05"]
[EventType "swiss"]
[EventRounds "9"]
[EventCountry "ESP"]
[Source "lmi"]
[SourceDate "2012.11.05"]

1. e4 e5 2. Nf3 Nc6 3. Bc4 Bc5 4. d4 Bxd4 5. Ng5 Nh6 6. Qh5 Qf6 7. O-O d6 8. h3
Bd7 9. c3 Bb6 10. b4 a6 11. a4 Ne7 12. a5 Ba7 13. Kh1 Bb5 14. Bxb5+ axb5 15. a6
Bb8 16. a7 Rxa7 17. Na3 c6 18. f4 Qg6 19. Qe2 f5 20. Be3 Ra6 21. c4 bxc4 22.
Qxc4 d5 23. exd5 Nxd5 24. Bd2 b5 25. Nxb5 Rxa1 26. Rxa1 O-O 27. Ra6 exf4 28.
Rxc6 Qxg5 29. Qxd5+ Nf7 30. Qd7 Qd8 31. Qxd8 Rxd8 32. Rc2 h6 33. Kg1 Be5 34.
Kf2 Ng5 35. Ke2 Ne4 36. Bc3 Bxc3 37. Nxc3 Rc8 38. Kd3 Kf7 39. Nd5 Rxc2 40. Kxc2
g5 41. b5 Ke6 42. b6 Nc5 43. Nc3 g4 44. Kd2 f3 45. Ke3 fxg2 46. Kf2 gxh3 47.
Na4 Nb7 48. Nc3 Ke5 49. Ne2 Ke4 50. Kg3 Ke3 51. Ng1 f4+ 52. Kxh3 f3 53. Kg3 f2
54. Kxg2 fxg1=Q+ 55. Kxg1 Kd4 56. Kg2 Kc5 57. Kg3 Kxb6 58. Kg4 Nd8 59. Kf5 Nf7
60. Kg4 Kc6 61. Kf5 Kd5 62. Kg4 Ke4 63. Kh4 Kf4 64. Kh3 Kg5 65. Kh2 Kg4 66. Kg2
Ng5 67. Kh2 h5 68. Kg2 Ne4 69. Kh2 h4 70. Kg2 h3+ 71. Kh2 Nf2 72. Kg1 Kg3 73.
Kf1 h2 0-1

[Event "Madrid ch Veteranos 2012-2013"]
[Site "Madrid ESP"]
[Date "2012.11.06"]
[Round "2.17"]
[White "Diaz Begonte, Manuel"]
[Black "Algaba Traspuesto, Jose Antoni"]
[Result "1/2-1/2"]
[WhiteElo "1787"]
[BlackElo "1625"]
[PlyCount "135"]
[EventDate "2012.11.05"]
[EventType "swiss"]
[EventRounds "9"]
[EventCountry "ESP"]
[Source "lmi"]
[SourceDate "2012.11.05"]

1. e4 c5 2. d4 cxd4 3. c3 g6 4. Nf3 Bg7 5. Nxd4 Nc6 6. Be3 Nf6 7. Bd3 O-O 8.
O-O d5 9. Nd2 e5 10. Nxc6 bxc6 11. Bc5 Re8 12. Qc2 a5 13. Rad1 Qc7 14. Rfe1 Ba6
15. Nf1 Bxd3 16. Qxd3 Nxe4 17. Rxe4 dxe4 18. Qxe4 Red8 19. Re1 Rd7 20. Ne3 Rb8
21. Nc4 Rd5 22. Qe3 Rb5 23. b4 axb4 24. cxb4 Qd8 25. a4 Rb8 26. a5 Rd1 27. a6
Rxe1+ 28. Qxe1 Qd3 29. Qf1 Qxf1+ 30. Kxf1 Ra8 31. a7 Bf8 32. Bxf8 Kxf8 33. Nxe5
Rxa7 34. Nxc6 Rb7 35. Ke2 Ke8 36. Kd3 Kd7 37. Ne5+ Ke6 38. Nc6 Kd6 39. b5 Rxb5
40. Nd4 Rb2 41. Ke3 Kd5 42. Nf3 h6 43. h4 Rb3+ 44. Kf4 Rb4+ 45. Ke3 f5 46. Ke2
Re4+ 47. Kd3 Re8 48. Kd2 Ke4 49. Ke2 Kf4+ 50. Kd3 g5 51. hxg5 hxg5 52. Ng1 g4
53. Ne2+ Kg5 54. g3 Rd8+ 55. Ke3 Ra8 56. Nf4 Ra3+ 57. Ke2 Ra4 58. Nd3 Ra2+ 59.
Ke3 Ra3 60. Ke2 Kf6 61. Ke3 Kg5 62. Ke2 Ra4 63. Ke3 Re4+ 64. Kd2 Re8 65. Nf4
Re4 66. Nd3 Ra4 67. Ke2 Ra2+ 68. Ke3 1/2-1/2

[Event "Madrid ch Veteranos 2012-2013"]
[Site "Madrid ESP"]
[Date "2012.11.06"]
[Round "2.19"]
[White "Rodriguez Bachiller, Luis"]
[Black "Perez Carballeira, Francisco"]
[Result "1-0"]
[WhiteElo "1756"]
[BlackElo "1608"]
[PlyCount "75"]
[EventDate "2012.11.05"]
[EventType "swiss"]
[EventRounds "9"]
[EventCountry "ESP"]
[Source "lmi"]
[SourceDate "2012.11.05"]

1. Nf3 d5 2. c4 c6 3. b3 Bf5 4. Bb2 e6 5. g3 Nf6 6. Bg2 Nbd7 7. O-O Be7 8. Nc3
dxc4 9. bxc4 Qc7 10. d3 h6 11. a4 O-O 12. a5 a6 13. Ba3 Bxa3 14. Rxa3 Rfd8 15.
Qb3 Rab8 16. Rfa1 Ne5 17. R3a2 Nxf3+ 18. Bxf3 Bg4 19. Bg2 Qd6 20. Qb6 Qe5 21.
Qb2 Bh5 22. Ne4 Qxb2 23. Rxb2 Nxe4 24. Bxe4 Kf8 25. Rab1 Rdc8 26. h3 f5 27. Bg2
Rc7 28. f3 Be8 29. Kf2 Ke7 30. c5 e5 31. f4 Ke6 32. e3 Re7 33. fxe5 Kxe5 34.
d4+ Kf6 35. Rb6 Kg5 36. Rxa6 bxa6 37. Rxb8 Rc7 38. Rxe8 1-0

[Event "Madrid ch Veteranos 2012-2013"]
[Site "Madrid ESP"]
[Date "2012.11.06"]
[Round "2.20"]
[White "Salgado Duarte, Pablo"]
[Black "Roldan Garcia, Angel"]
[Result "0-1"]
[WhiteElo "1603"]
[BlackElo "1755"]
[PlyCount "90"]
[EventDate "2012.11.05"]
[EventType "swiss"]
[EventRounds "9"]
[EventCountry "ESP"]
[Source "lmi"]
[SourceDate "2012.11.05"]

1. d4 Nf6 2. c4 g6 3. Nc3 Bg7 4. Nf3 O-O 5. e4 d6 6. Be2 e5 7. Bg5 h6 8. Bh4
Nbd7 9. O-O g5 10. dxe5 dxe5 11. Bg3 Nh5 12. Ne1 Nxg3 13. hxg3 c6 14. Qc2 Nc5
15. Rd1 Qe7 16. Nd3 Ne6 17. Ne1 Nd4 18. Qd2 Be6 19. Bd3 Rad8 20. Qe3 Qb4 21.
Rb1 Bxc4 22. a3 Qb3 23. Bxc4 Qxc4 24. Rc1 Qe6 25. Nd3 b6 26. Ne2 c5 27. Nxd4
exd4 28. Qe2 Rfe8 29. f3 c4 30. Nf2 d3 31. Qd2 b5 32. Nd1 Qd6 33. Kh2 f5 34.
Nf2 Be5 35. Nh1 fxe4 36. fxe4 Qd4 37. Qa5 Qc5 38. Qa6 Rd6 39. Qb7 Rf6 40. Qd7
Ref8 41. Rxf6 Bxf6 42. Qe6+ Kg7 43. Qd7+ Rf7 44. Qe6 Bxb2 45. Rd1 Bxa3 0-1

[Event "Madrid ch Veteranos 2012-2013"]
[Site "Madrid ESP"]
[Date "2012.11.06"]
[Round "2.21"]
[White "Maseda Iglesias, Luis"]
[Black "Greppi Gonzalez, Jose Luis"]
[Result "0-1"]
[WhiteElo "1741"]
[BlackElo "1553"]
[PlyCount "84"]
[EventDate "2012.11.05"]
[EventType "swiss"]
[EventRounds "9"]
[EventCountry "ESP"]
[Source "lmi"]
[SourceDate "2012.11.05"]

1. d4 d5 2. Nf3 h6 3. e3 a6 4. c4 dxc4 5. Bxc4 e6 6. O-O Nf6 7. Nc3 Be7 8. Re1
O-O 9. e4 Bb4 10. a3 Bxc3 11. bxc3 b5 12. Bb3 Bb7 13. Bc2 Re8 14. e5 Bxf3 15.
Qxf3 Nd5 16. Qd3 f5 17. exf6 Qxf6 18. Bd2 Nd7 19. a4 c6 20. axb5 cxb5 21. Qh7+
Kf7 22. Qe4 Nf8 23. Bb3 Qd8 24. Qf3+ Qf6 25. Bxd5 exd5 26. Qxd5+ Kg6 27. Rxe8
Rxe8 28. Kf1 Kh7 29. Qb7 Qe6 30. Re1 Qc4+ 31. Kg1 Rxe1+ 32. Bxe1 Qe2 33. g3
Qxe1+ 34. Kg2 Qxc3 35. Qe4+ Kh8 36. Qf5 Qc6+ 37. d5 Qd6 38. h4 b4 39. g4 a5 40.
g5 hxg5 41. hxg5 a4 42. f3 a3 0-1

[Event "Madrid ch Veteranos 2012-2013"]
[Site "Madrid ESP"]
[Date "2012.11.06"]
[Round "2.22"]
[White "Martinez Carrasco, Jesus"]
[Black "Martinez Miura, Enrique"]
[Result "0-1"]
[WhiteElo "1590"]
[BlackElo "1735"]
[PlyCount "74"]
[EventDate "2012.11.05"]
[EventType "swiss"]
[EventRounds "9"]
[EventCountry "ESP"]
[Source "lmi"]
[SourceDate "2012.11.05"]

1. d4 e6 2. c4 d5 3. Nf3 Nf6 4. e3 Be7 5. Nc3 O-O 6. Bd3 c6 7. O-O Nbd7 8. Qc2
h6 9. e4 dxe4 10. Nxe4 Nxe4 11. Bxe4 Nf6 12. Bd3 Bd7 13. a3 c5 14. dxc5 Bxc5
15. b4 Be7 16. Ne5 Rc8 17. Qe2 Bd6 18. Bb2 Qe7 19. Nxd7 Nxd7 20. c5 Bb8 21. Qe4
f5 22. Qxb7 Rc7 23. Qf3 Kh8 24. Rfe1 e5 25. Qe2 Rcc8 26. Rad1 e4 27. Bb5 Nf6
28. f3 Rfd8 29. Bxf6 Qxf6 30. fxe4 Qe5 31. Bd7 Qxh2+ 32. Kf2 Bg3+ 33. Kf3 fxe4+
34. Qxe4 Bxe1 35. Qxe1 Rf8+ 36. Ke3 Qxg2 37. Qe2 Rce8+ 0-1